Berry, fruit or vegetable - Statistics

General Stats
  • This quiz has been taken 55 times
  • The average score is 4 of 8
Answer Stats
Question Answer % Correct
Potato Vegetable
100%
Onion Vegetable
90%
Olive Fruit
60%
Nuts Fruit
50%
Beans Fruit
40%
Cucumber Berry
20%
Watermelon Berry
20%
Tomato Berry
10%
No matching quizzes found
Score Distribution
Percent of People with Each Score
Percentile by Number Answered
Your Score History
You have not taken this quiz